Fundamentals of Human Resource Management 8/e

Saved in:
Bibliographic Details
Main Author: Noe
Format: Book
Published: MGH
Tags: Add Tag
No Tags, Be the first to tag this record!

MARC

LEADER 00000nam a2200000Ia 4500
005 20260513122056.0
020 |a 9789354600340 
100 |a Noe 
365 |c Rs. 
365 |b 25.00 
942 |c BK 
245 |a Fundamentals of Human Resource Management 8/e 
260 |b MGH 
999 |c 139  |d 139 
952 |0 0  |1 0  |4 0  |7 0  |a UNSW  |b UNSW  |d 2026-05-06  |g 970.00  |i 16682  |l 0  |p 000134  |r 2026-05-13 12:20:56  |v 970.00  |w 2026-05-13  |y BK